000 00923pam a2200289 a 4500
001 3286
005 20240223114549.0
020 _a9780064440486
040 _aDLC
_cDLC
_dDLC
_beng
050 0 0 _aPZ7.H635
_b 1981
082 0 0 _a813.1
100 1 _aHoban, Lillian
245 1 0 _aArthur's funny money /
_cby Hoban, Lillian
260 _aNew York :
_bHarperCollins Publishers ,
_c1981
300 _a64 pages :
_bcolor illustrations ;
_c22 cm.
490 _aArthur's
_vLevel 2
490 _aAn I can read book
_vLevel 2
505 _aJ
520 _aWhen Violet has a numbers problem and Arthur is penniless, they go into business and solve both problems.
521 _a490
_bLexile
521 _aJ
_bRaz-Plus
650 1 _aMoneymaking projects
_xFiction.
650 1 _aChimpanzees
_xFiction.
650 1 _aSiblings
_xFiction.
906 _a7
_bcbc
_corignew
_d1
_eocip
_f19
_gy-gencatlg
942 _2ddc
_cBK
_n0
999 _c3286
_d3286